000 00666nam a2200193Ia 4500
001 21017
003 GE_BSU
008 181216s||||||||xx |||||||||||||| ||und||
040 _cGE_BSU
245 _aბათუმელები №4 ივნისი. 2017
245 _cმთავ. რედ. ე. თურაძე. რედ. ნ. კვაჭაძე
260 _aბათუმი
260 _bშპს "გაზეთი ბათუმელები
260 _c2017
300 _a119გვ. ; 28სმ. ილ.
653 _aბათუმელები №1 მარტი. 2017
653 _aპერიოდიკა
942 _cCR
999 _c53966
_d53966